000 00395nam a2200145 a 4500
005 20140412111427.0
008 090718s19uu xx 00 eng d
020 _a0-7214-1976-3
050 _aER
_bPu96 1998
100 _aCuless, Allan (illustrated by)
245 _aPuss in Boots /
_cIllustrated by Allan Curless.
260 _aItaly :
_bLadybird,
_c1998.
300 _a43p.
999 _c106273
_d106273